000 00714nam a22002171 4500
005 20250122114338.0
010 _aENG-143474
020 _a9788191060737
_c995.00
035 _aEN-127006
037 _bDBAD
037 _bRaj Publications
082 _a784.1
100 _aSharma, Aruna
_976861
245 _aRaga Swar Prabhav:
_bCreation of Compositions in Popular Ragas/
_cby Aruna Sharma
260 _aNew Delhi
_bRaj Publications
_c2013
270 _a108, 4855/24, Ansari Road, Daryaganj
_bNew Delhi
_e110002
_k30120939
_k9811010939
_mrajpublications@yahoo.co.in
300 _a174p.
_c19cm.(Hb)
500 _aIncludes index
650 _aTourism
_976862
942 _2ddc
_cEN
_h784.1
_mSHA
999 _c208632
_d208632